Guessing the Taylor Swift Song 4 - Statistics

General Stats
  • This quiz has been taken 28 times
  • The average score is 217 of 308
Answer Stats
Answer % Correct
a
100%
I
100%
me
100%
You,
100%
you
100%
You
100%
your
100%
and
95%
And
95%
is
95%
be
90%
I'm
90%
in
90%
like
90%
so
90%
with
90%
you're
90%
all
86%
All
86%
ever
86%
I'll
86%
that
86%
the
86%
But
81%
got
81%
my
81%
can
76%
can't
76%
city
76%
gonna
76%
mean
76%
mean,
76%
to
76%
Why
76%
big
71%
don't
71%
gotta
71%
know
71%
living
71%
old
71%
on
71%
Someday
71%
someday
71%
as
67%
cause
67%
what
67%
words
67%
just
62%
knives
62%
see
62%
when
62%
again,
57%
again
57%
are
57%
down
57%
enough
57%
have
57%
hit
57%
liar
57%
alone
52%
if
52%
off
52%
over
52%
pathetic
52%
up
52%
life
48%
never
48%
nothing
48%
now
48%
out
48%
against
43%
bar
43%
feet
43%
how
43%
humiliation
43%
made
43%
one
43%
same
43%
sing
43%
use
43%
weapons
43%
about
38%
blow
38%
feel
38%
football
38%
game
38%
knocked
38%
single
38%
take
38%
Talking
38%
around
33%
Drunk
33%
from
33%
listening
33%
man
33%
nobody's
33%
opinion
33%
pushed
33%
road
33%
sides
33%
swords
33%
them
33%
wanna
33%
years
33%
already
29%
bet
29%
cold
29%
feeling
29%
head
29%
loud
29%
okay
29%
switching
29%
voice
29%
Well
29%
wounded
29%
calling
24%
chalkboard
24%
flaws
24%
impress
24%
lead
24%
lies
24%
nails
24%
picking
24%
somebody
24%
things
24%
Washed
24%
weaker
24%
bitter
19%
ends
19%
grumbling
19%
ole
19%
pointed
19%
ranting
19%
right
19%
trying
19%
walk
19%
block
14%
cycle
14%
wildfire
14%
No matching quizzes found
Score Distribution
Percent of People with Each Score
Percentile by Number Answered
Your Score History
You have not taken this quiz